ALLAH İNSAN VE MERHAMET (Kayıt no. 835926)
[ düz görünüm ]
| 000 -LEADER | |
|---|---|
| sabit uzunluktaki kontrol alanı | 00263nam a2200097Ia 4500 |
| 001 - KONTROL NUMARASI | |
| kontrol alanı | 835926 |
| 005 - EN SON İŞLEMİN TARİH VE ZAMANI | |
| kontrol alanı | 20250826172503.0 |
| 008 - SABİT-UZUNLUKTA VERİ ÖĞELERİ--GENEL BİLGİ | |
| sabit uzunluktaki kontrol alanı | 250824s9999 xx 000 0 und d |
| 245 #0 - ESER / YAZAR | |
| ESER ADI | ALLAH İNSAN VE MERHAMET |
| Yazar Adı | İSMAİL KARAGÖZ |
| 260 ## - YAYIN, DAĞITIM, VB. | |
| YAYIN EVİ | DİYANET İŞLERİ YAYINLARI |
| Düşüm durumu | Kayıp durumu | Hasar Durumu | Ödünç verilmez | Ana kütüphane | Geçerli Kütüphane | Edinilen tarih | Toplam ödünç verme sayısı | Barkod | Son görüntüleme tarihi | Fiyatın geçerli olmaya başladığı tarih | Koha materyal türü |
|---|---|---|---|---|---|---|---|---|---|---|---|
| ŞEHİT MUSTAFA ÇUHADAR ORTAOKULU | ŞEHİT MUSTAFA ÇUHADAR ORTAOKULU | 24.08.2025 | 10543672 | 26.08.2025 | 26.08.2025 | Kitaplar |